[Event "Let's Play Chess!"]
[Site "http://www.queenalice.com/game.php?id=439498"]
[Date "2008.7.27"]
[Round "-"]
[White "Aldino"]
[Black "vanhoute"]
[Result "0-1"]
[WhiteElo "1689"]
[BlackElo "1725"]

1. e4 c5 2. c4 Nc6 3. Nf3 e6 4. Nc3 d6 5. d3 Nf6 6. Be2 Be7 7. b3 O-O 8. Bf4 e5
9. Be3 Nd4 10. Na4 a6 11. Nxd4 cxd4 12. Bd2 b5 13. Nb2 Bd7 14. f3 Nh5 15. Qc2
Nf4 16. Bxf4 exf4 17. O-O-O b4 18. Qd2 h6 19. Qxb4 Rb8 20. Qe1 a5 21. Rd2 Qb6
22. Qd1 Ra8 23. a4 Rab8 24. Qc2 Qxb3 25. Bd1 Qb4 26. Rf1 Rb7 27. Qb1 Rfb8 28.
Rff2 f5 29. Rfe2 Bf6 30. Qa2 fxe4 31. fxe4 f3 32. gxf3 Bg5 33. Rf2 Bxd2+ 34.
Rxd2 Qc5 35. Qa1 Qg5 36. Qa3 Rxb2 0-1

[Event "Let's Play Chess!"]
[Site "http://www.queenalice.com/game.php?id=439878"]
[Date "2008.7.28"]
[Round "-"]
[White "vanhoute"]
[Black "ekup"]
[Result "1-0"]
[WhiteElo "1761"]
[BlackElo "1799"]

1. e4 c5 2. Nc3 Nc6 3. g3 d6 4. Bg2 a6 5. d3 h6 6. f4 Nf6 7. Nf3 e6 8. O-O Be7
9. h3 Bd7 10. Kh2 Qc7 11. a3 O-O-O 12. d4 cxd4 13. Nxd4 Nxd4 14. Qxd4 Kb8 15.
Be3 b6 16. Qxb6+ Qxb6 17. Bxb6 Rc8 18. Bd4 Bc6 19. a4 Rhe8 20. g4 g6 21. b4 Nd7
22. b5 Bb7 23. bxa6 Bxa6 24. Rfb1+ Ka8 25. e5+ d5 26. Rb2 Nc5 27. Nb5 Red8 28.
c4 Ne4 29. Bb6 Rd7 30. Bxe4 dxe4 31. Rc1 Kb7 32. c5 Rd3 33. Nd6+ Bxd6 34. cxd6
Rxc1 35. Be3+ Kc6 36. Bxc1 e3 37. Rc2+ Kb7 38. Rc7+ Kb6 39. Bxe3+ Rxe3 40. Rxf7
Rd3 41. Rf6 Ka5 42. Rxg6 Kxa4 43. Rxe6 h5 44. gxh5 Bc8 45. Rf6 Rxh3+ 46. Kg2
Rxh5 47. e6 Bb7+ 48. Kg3 Bc6 49. Kg4 Rd5 50. d7 Kb5 51. f5 Bxd7 52. exd7 Rxd7
53. Kg5 Kc5 54. Kg6 Kd5 55. Rf7 Rd8 56. f6 Rg8+ 57. Rg7 Rf8 58. Kf5 1-0

[Event "Let's Play Chess!"]
[Site "http://www.queenalice.com/game.php?id=439879"]
[Date "2008.7.28"]
[Round "-"]
[White "vanhoute"]
[Black "ekup"]
[Result "0-1"]
[WhiteElo "1736"]
[BlackElo "2035"]

1. e4 c5 2. Nc3 Nc6 3. g3 d6 4. Bg2 Nf6 5. d3 h6 6. h3 a6 7. f4 e6 8. Nge2 Be7
9. O-O Bd7 10. Kh2 Qc7 11. a3 O-O-O 12. b4 cxb4 13. axb4 Nh5 14. Be3 g5 15. b5
Nb8 16. bxa6 Nxa6 17. Nb5 Bxb5 18. fxg5 hxg5 19. Qb1 Bc6 20. Bb6 Qd7 21. Bxd8
Bxd8 22. g4 Ng7 23. Nd4 f6 24. Nxc6 Qxc6 25. e5 d5 26. exf6 Bc7+ 27. Kh1 Qd6 28.
Kg1 Rf8 29. Rf2 Bb6 30. d4 Bxd4 31. Rxa6 Qxa6 32. fxg7 Bxf2+ 0-1

[Event "Let's Play Chess!"]
[Site "http://www.queenalice.com/game.php?id=439880"]
[Date "2008.7.28"]
[Round "-"]
[White "vanhoute"]
[Black "ekup"]
[Result "0-1"]
[WhiteElo "1716"]
[BlackElo "1907"]

1. e4 c5 2. Nc3 Nc6 3. g3 d6 4. Bg2 Nf6 5. d3 h6 6. h3 a6 7. f4 e6 8. Nf3 Be7 9.
O-O Bd7 10. Kh2 Qc7 11. Be3 Nh5 12. g4 Nf6 13. g5 hxg5 14. Nxg5 Nh5 15. Bf3 g6
16. Bxh5 Rxh5 17. Qf3 f6 18. f5 exf5 19. Nd5 Qd8 20. exf5 fxg5 21. fxg6 Rxh3+
0-1

[Event "Let's Play Chess!"]
[Site "http://www.queenalice.com/game.php?id=439881"]
[Date "2008.7.28"]
[Round "-"]
[White "vanhoute"]
[Black "ekup"]
[Result "1-0"]
[WhiteElo "1779"]
[BlackElo "2062"]

1. e4 c5 2. Nc3 Nc6 3. g3 d6 4. Bg2 Nf6 5. d3 h6 6. h3 a6 7. f4 e6 8. Nge2 Be7
9. O-O Bd7 10. Kh2 Qc7 11. Be3 O-O-O 12. a3 g6 13. b4 cxb4 14. axb4 g5 15. fxg5
hxg5 16. Bxg5 Nh5 17. Bxe7 Nxe7 18. Rxf7 Nc6 19. Qb1 d5 20. exd5 Nd4 21. Nxd4
Qxg3+ 22. Kh1 e5 23. Nde2 Bxh3 24. Nxg3 Nxg3+ 25. Kg1 Bxg2 26. Kxg2 Rdg8 27. Kf2
Rh2+ 28. Ke3 Rh3 29. Rf3 Nf5+ 30. Ke4 Nd6+ 31. Ke3 Nf5+ 32. Ke4 Nd6+ 33. Kxe5
Rxf3 34. Kxd6 Re8 35. Ne4 Rh3 36. Kc5 Rh5 37. Nd6+ Kd7 38. Ne4 Rc8+ 39. Kd4 Rh4
40. c4 Rf8 41. b5 Rh3 42. bxa6 Rff3 43. Qxb7+ Ke8 44. Ra3 1-0

[Event "Let's Play Chess!"]
[Site "http://www.queenalice.com/game.php?id=439882"]
[Date "2008.7.28"]
[Round "-"]
[White "vanhoute"]
[Black "ekup"]
[Result "1-0"]
[WhiteElo "1779"]
[BlackElo "1781"]

1. e4 c5 2. Nc3 Nc6 3. g3 d6 4. Bg2 Nf6 5. d3 h6 6. h3 a6 7. f4 e6 8. Nge2 Be7
9. O-O Bd7 10. Kh2 Qc7 11. a3 O-O-O 12. d4 cxd4 13. Nxd4 Nxd4 14. Qxd4 Kb8 15.
Be3 b6 16. Qxb6+ Qxb6 17. Bxb6 Rc8 18. Bd4 Bc6 19. a4 Rhe8 20. g4 g6 21. b4 Nd7
22. b5 Bb7 23. bxa6 Bxa6 24. Rfb1+ Ka8 25. e5+ d5 26. Nb5 Bc5 27. Bxc5 Nxc5 28.
Nd6 Rf8 29. Nxc8 Rxc8 30. Rb6 Ka7 31. a5 Rc7 32. Rab1 Nb7 33. Rc1 Nxa5 34. Rb4
Nc4 35. Ra1 Ne3 36. Rba4 Rc6 37. c3 Kb7 38. Bf3 Nc2 39. R1a2 Ne3 40. Kg3 Nc4 41.
Rb4+ Kc7 42. Be2 Rb6 43. Bxc4 dxc4 44. Rab2 Rc6 45. Rb8 Bc8 46. h4 Ra6 47. R8b4
Rc6 48. Kf3 Kd7 49. Rd2+ Kc7 50. Rd6 Rxd6 51. Rxc4+ Rc6 52. Rxc6+ Kxc6 53. Ke3
Kd5 54. Kd3 Ba6+ 55. Ke3 Kc4 56. Kd2 Bb7 57. h5 Bf3 58. hxg6 1-0

[Event "Let's Play Chess!"]
[Site "http://www.queenalice.com/game.php?id=439883"]
[Date "2008.7.28"]
[Round "-"]
[White "vanhoute"]
[Black "spawnwolfwolverine"]
[Result "1-0"]
[WhiteElo "1806"]
[BlackElo "1493"]

1. e4 e5 2. Nf3 d6 3. Bc4 Bg4 4. O-O Nf6 5. Nc3 Be7 6. d3 O-O 7. Bg5 c6 8. Bxf6
Bxf6 9. Qe2 b5 10. Bb3 a5 11. a3 a4 12. Ba2 Nd7 13. Qe3 Bxf3 14. Qxf3 g6 15. Ne2
Bg7 16. b3 Nc5 17. b4 Na6 18. c3 c5 19. Bd5 Rb8 20. bxc5 Nxc5 21. d4 exd4 22.
cxd4 Nb3 23. Bxb3 axb3 24. Qxb3 Qa5 25. Qb4 Qxb4 26. axb4 f5 27. exf5 Rxf5 28.
Ra6 Rd5 29. Rd1 h5 30. Nf4 Rxd4 31. Rxd4 Bxd4 32. Rxd6 Be5 33. Rxg6+ Kf7 34. Rg5
Bxf4 35. Rf5+ Kg6 36. Rxf4 Kg5 37. Rd4 h4 38. h3 Rb6 39. g3 hxg3 40. fxg3 Kf5
41. h4 Rg6 42. Kf2 Ke5 43. Rf4 Kd5 44. h5 Rh6 45. g4 Ke5 46. Rf5+ Kd4 47. Rxb5
Kc4 48. Rg5 Kxb4 49. Rg6 Rh8 50. h6 Kc4 51. g5 Kd4 52. Rg7 Ke5 53. Rf7 Ke6 54.
Rf6+ Ke7 55. Ra6 Kf7 56. Kg3 Ke7 57. Kg4 Rh7 58. Ra7+ Kf8 59. Rxh7 Ke8 60. g6
Kf8 61. Kf5 Ke8 62. Ke6 Kd8 63. Kd6 Kc8 64. Rc7+ Kb8 65. Kc6 Ka8 66. Kb5 Kb8 67.
Kb6 Ka8 68. Rc8# 1-0

[Event "Let's Play Chess!"]
[Site "http://www.queenalice.com/game.php?id=439884"]
[Date "2008.7.28"]
[Round "-"]
[White "vanhoute"]
[Black "ekup"]
[Result "1/2-1/2"]
[WhiteElo "1761"]
[BlackElo "2017"]

1. e4 c5 2. Nc3 Nc6 3. g3 d6 4. Bg2 Nf6 5. h3 h6 6. d3 a6 7. f4 e6 8. Nge2 Be7
9. O-O Bd7 10. Kh2 Qc7 11. a3 O-O-O 12. d4 cxd4 13. Nxd4 Nxd4 14. Qxd4 Kb8 15.
Be3 b6 16. Qxb6+ Qxb6 17. Bxb6 Rc8 18. Bd4 Bc6 19. a4 Rhe8 20. g4 Bf8 21. Bxf6
gxf6 22. Ne2 e5 23. fxe5 fxe5 24. Rxf7 Re7 25. Rxe7 Bxe7 26. b3 Rf8 27. Nc3 Bh4
28. Rf1 Rxf1 29. Bxf1 Be1 30. Nd5 Bxd5 31. exd5 Kc7 32. Bxa6 Kb6 33. Bd3 Kc5 34.
Bc4 Kd4 35. Kg2 e4 36. Kf1 Bh4 37. Ke2 e3 38. c3+ Ke4 39. a5 Bd8 40. a6 Bb6 41.
h4 Kf4 42. g5 hxg5 43. hxg5 Kxg5 44. b4 Kf4 45. b5 Ke4 46. Ba2 Bc5 47. Bc4 Bb6
48. Bb3 Bc5 49. Bc4 Bb6 1/2-1/2

[Event "Let's Play Chess!"]
[Site "http://www.queenalice.com/game.php?id=439885"]
[Date "2008.7.28"]
[Round "-"]
[White "vanhoute"]
[Black "spawnwolfwolverine"]
[Result "1-0"]
[WhiteElo "1742"]
[BlackElo "1561"]

1. e4 e5 2. Nf3 d6 3. d4 exd4 4. Nxd4 Bd7 5. Bc4 Nc6 6. Be3 Be7 7. O-O Nf6 8.
Nc3 O-O 9. Nd5 Nxd5 10. Bxd5 Nxd4 11. Bxd4 c6 12. Bb3 c5 13. Be3 a6 14. c4 b5
15. cxb5 axb5 16. a4 b4 17. Bc4 Bf6 18. Qxd6 Bxa4 19. Qxc5 Bxb2 20. Rxa4 Rxa4
21. Bb3 Ra1 22. Rxa1 Bxa1 23. Qxb4 Qb8 24. Qa3 Qa8 25. Qxa8 Rxa8 26. g3 Be5 27.
Bd5 Rb8 28. Kg2 g6 29. f4 Bc7 30. Ba7 Rb2+ 31. Kh3 Kg7 32. e5 h5 33. e6 fxe6 34.
Bd4+ Kh6 35. Bxb2 g5 36. fxg5+ Kxg5 37. Bxe6 Kg6 38. Kh4 Bd6 39. Bd4 Bc7 40. Bd7
Kf7 41. Kxh5 Kg8 42. Be3 Kg7 43. Bf4 Bxf4 44. gxf4 Kf6 45. f5 Kf7 46. Be6+ Kg7
47. h4 Kh7 48. Kg5 Kg7 49. f6+ Kf8 50. h5 Ke8 51. h6 Kf8 52. h7 Ke8 53. Kg6 Kf8
54. h8=R# 1-0

[Event "Let's Play Chess!"]
[Site "http://www.queenalice.com/game.php?id=439886"]
[Date "2008.7.28"]
[Round "-"]
[White "ekup"]
[Black "vanhoute"]
[Result "1-0"]
[WhiteElo "2088"]
[BlackElo "1745"]

1. e4 c5 2. Nf3 Nc6 3. d4 cxd4 4. Nxd4 Nf6 5. Nc3 e6 6. a3 Bc5 7. Be3 d6 8. Be2
O-O 9. O-O Nxd4 10. Bxd4 Bxd4 11. Qxd4 e5 12. Qe3 Qb6 13. Qxb6 axb6 14. Rfd1 Rd8
15. h3 Ne8 16. Nd5 Ra4 17. Bb5 Rxe4 18. Bxe8 Rxe8 19. Nxb6 Re2 20. Rac1 Bf5 21.
Rxd6 Rxc2 22. Rxc2 Bxc2 23. Nd5 Be4 24. Nc3 Bc6 25. f3 f6 26. Kf2 h6 27. Ke3 Kf7
28. b4 Ke7 29. Rd2 Rd8 30. Rxd8 Kxd8 31. b5 Bd7 32. a4 Kc7 33. h4 Be6 34. g3 f5
35. f4 exf4+ 36. Kxf4 g6 37. Ke5 1-0

[Event "Let's Play Chess!"]
[Site "http://www.queenalice.com/game.php?id=439887"]
[Date "2008.7.28"]
[Round "-"]
[White "ekup"]
[Black "vanhoute"]
[Result "1-0"]
[WhiteElo "1984"]
[BlackElo "1725"]

1. e4 c5 2. Nf3 Nc6 3. Bc4 e6 4. d3 d5 5. exd5 exd5 6. Bb3 Be6 7. h3 Nf6 8. a3
Bd6 9. c3 O-O 10. Bg5 h6 11. Bh4 g5 12. Bg3 Bxg3 13. fxg3 Qd6 14. Kf2 Ne5 15.
Nxe5 Qxe5 16. Re1 Qf5+ 17. Qf3 Qxf3+ 18. gxf3 Rfe8 19. Nd2 c4 20. dxc4 dxc4 21.
Bxc4 b6 22. Bxe6 Rxe6 23. Rxe6 Kg7 24. Re7 Kf8 25. Rae1 Nd5 26. Rb7 1-0

[Event "Let's Play Chess!"]
[Site "http://www.queenalice.com/game.php?id=439888"]
[Date "2008.7.28"]
[Round "-"]
[White "ekup"]
[Black "vanhoute"]
[Result "1-0"]
[WhiteElo "2082"]
[BlackElo "1751"]

1. e4 c5 2. Nf3 Nc6 3. Bc4 e6 4. d3 d5 5. exd5 exd5 6. Bb3 Be6 7. h3 Bd6 8. a3
Nf6 9. c3 O-O 10. Bg5 h6 11. Bh4 g5 12. Bg3 Bxg3 13. fxg3 Re8 14. O-O Nh7 15.
Nbd2 Qc8 16. d4 cxd4 17. Nxd4 Nxd4 18. cxd4 Bxh3 19. gxh3 Qxh3 20. Qf3 Rf8 21.
Bxd5 Qd7 22. Rad1 Rad8 23. Be4 Qxd4+ 24. Kg2 Qxb2 25. Rf2 Qd4 26. Bxb7 f5 27.
Rff1 Qb2 28. Rf2 Qc2 29. Bd5+ Kg7 30. Bb3 Qc5 31. Nc4 Rxd1 32. Qxd1 Qc6+ 33. Kh2
Qb7 34. Nd6 1-0

[Event "Let's Play Chess!"]
[Site "http://www.queenalice.com/game.php?id=439889"]
[Date "2008.7.28"]
[Round "-"]
[White "spawnwolfwolverine"]
[Black "vanhoute"]
[Result "0-1"]
[WhiteElo "1629"]
[BlackElo "1724"]

1. c4 c5 2. d3 Nc6 3. e4 e6 4. Nf3 d6 5. Be2 Nf6 6. O-O Be7 7. Bg5 O-O 8. Bxf6
Bxf6 9. Nc3 b6 10. a3 Bxc3 11. bxc3 Bb7 12. a4 Na5 13. g3 Bc6 14. Kg2 Re8 15. h4
f6 16. Qc2 d5 17. cxd5 exd5 18. exd5 Bxd5 19. c4 Bxf3+ 20. Bxf3 Rc8 21. Rfe1 Qd7
22. Rxe8+ Rxe8 23. Bd5+ Kh8 24. f4 Re3 25. Be4 Qg4 26. Qf2 Re2 27. Bf3 Rxf2+ 28.
Kxf2 Qd7 29. Ke2 Nb3 30. Rb1 Nd4+ 31. Kf2 Nxf3 32. Kxf3 Qxd3+ 33. Kg4 Qxb1 34.
a5 bxa5 35. h5 a4 36. h6 Qg6+ 37. Kf3 Qxh6 38. g4 Qh3+ 39. Ke4 Qxg4 40. Kd5 Qxf4
41. Kxc5 a3 42. Kc6 Qxc4+ 43. Kb7 a2 44. Kxa7 Qb5 45. Ka8 a1=R# 0-1

[Event "Let's Play Chess!"]
[Site "http://www.queenalice.com/game.php?id=439890"]
[Date "2008.7.28"]
[Round "-"]
[White "spawnwolfwolverine"]
[Black "vanhoute"]
[Result "0-1"]
[WhiteElo "1581"]
[BlackElo "1701"]

1. c4 c5 2. d3 Nc6 3. e4 e6 4. Nf3 d6 5. Be2 Nf6 6. O-O Be7 7. Bg5 O-O 8. Nc3
Nd7 9. Bxe7 Qxe7 10. a3 Nf6 11. Rb1 e5 12. Nd5 Qd8 13. Nxf6+ Qxf6 14. b4 cxb4
15. axb4 b6 16. b5 Nd4 17. Nxd4 exd4 18. Bf3 Rb8 19. g3 Bb7 20. Bg2 a5 21. f4
Rfe8 22. e5 dxe5 23. Bxb7 Rxb7 24. Qf3 exf4 25. Qxf4 Qxf4 26. Rxf4 Rd7 27. h4
Re3 28. Kh2 Rxd3 29. Kh3 Rc3 30. Re4 f6 31. h5 d3 32. Kh4 d2 33. g4 d1=Q 34.
Rxd1 Rxd1 35. h6 Rh1# 0-1

[Event "Let's Play Chess!"]
[Site "http://www.queenalice.com/game.php?id=439891"]
[Date "2008.7.28"]
[Round "-"]
[White "ekup"]
[Black "vanhoute"]
[Result "1-0"]
[WhiteElo "1856"]
[BlackElo "1752"]

1. e4 c5 2. Nf3 Nc6 3. Bc4 e6 4. d3 d5 5. exd5 exd5 6. Bb3 Be6 7. h3 Nf6 8. a3
Bd6 9. c3 O-O 10. Bg5 h6 11. Bh4 g5 12. Bg3 Bxg3 13. fxg3 Re8 14. O-O Nh7 15.
Nbd2 Qc8 16. d4 cxd4 17. Nxd4 Nxd4 18. cxd4 Bxh3 19. gxh3 Rf8 20. Nf3 Qxh3 21.
Qe1 Rad8 22. Rc1 Nf6 23. Bc2 Ng4 24. Bf5 Qh5 25. Bxg4 Qxg4 26. Ne5 Qe4 27. Qxe4
dxe4 28. Rcd1 f5 29. Rfe1 Rd5 30. Rf1 e3 31. Rfe1 f4 32. gxf4 gxf4 33. Ng6 Rf7
34. Ne5 Rf5 35. Kg2 h5 36. Kf3 Rd8 37. Rg1+ Kh7 38. Nf7 Rxf7 39. d5 Kh6 40. d6
h4 41. Rh1 Rdd7 42. Rxh4+ Kg7 43. Rxf4 Rxf4+ 44. Kxf4 e2 45. Re1 Rxd6 46. Rxe2
Rb6 47. Ke5 Kf7 48. Kd5 Rc6 49. Re3 Rb6 50. b3 Rc6 51. Kd4 a5 52. Rc3 Ke7 53.
Rc5 Kd7 54. Rxa5 1-0

[Event "Let's Play Chess!"]
[Site "http://www.queenalice.com/game.php?id=439892"]
[Date "2008.7.28"]
[Round "-"]
[White "spawnwolfwolverine"]
[Black "vanhoute"]
[Result "0-1"]
[WhiteElo "1635"]
[BlackElo "1711"]

1. d4 d5 2. e3 Bf5 3. Nf3 Nf6 4. Be2 Nbd7 5. O-O e6 6. b3 Be7 7. Ba3 O-O 8. Bxe7
Qxe7 9. Nbd2 c5 10. dxc5 Nxc5 11. c4 dxc4 12. Bxc4 e5 13. h3 e4 14. Nd4 Bg6 15.
Rc1 Nd3 16. Bxd3 exd3 17. N2f3 Ne4 18. Qxd3 Nxf2 19. Rxf2 Bxd3 20. Re1 Be4 21.
Rd1 Bxf3 22. Rxf3 Rad8 23. Kf2 Qa3 24. Kg3 Qxa2 25. Rd3 Rfe8 26. h4 a5 27. h5
Rxd4 28. exd4 Qa3 29. d5 Qd6+ 30. Kf2 Re5 31. g4 Rxd5 32. Rxd5 Qxd5 33. b4 axb4
34. Rg3 b3 35. h6 b2 36. g5 Qd2+ 37. Kf3 Qd3+ 38. Kf2 Qxg3+ 39. Ke2 b1=Q 40.
hxg7 Qb2+ 41. Kf1 Qgf2# 0-1

[Event "Let's Play Chess!"]
[Site "http://www.queenalice.com/game.php?id=439893"]
[Date "2008.7.28"]
[Round "-"]
[White "ekup"]
[Black "vanhoute"]
[Result "1-0"]
[WhiteElo "2085"]
[BlackElo "1748"]

1. e4 c5 2. Nf3 Nc6 3. d4 cxd4 4. Nxd4 Nf6 5. Nc3 e6 6. Bc4 Bb4 7. e5 Nxe5 8.
Be2 Nd5 9. Bd2 Nxc3 10. Bxc3 Bxc3+ 11. bxc3 Qa5 12. Qd2 O-O 13. O-O a6 14. f4
Nc6 15. Nxc6 dxc6 16. Kh1 Rd8 17. Qe3 b5 18. Rf3 Bb7 19. Rh3 Rd5 20. Bd3 g6 21.
Be4 Rd7 22. Qf3 f5 23. Bd3 Qxc3 24. Rf1 c5 25. Qe2 c4 26. Bxf5 exf5 27. Rxc3
Rad8 28. Rg1 Be4 29. a4 Rd2 30. Qe3 Rxc2 31. Rxc2 Rd3 32. Qb6 bxa4 33. Qxa6 c3
34. Qxa4 Bxg2+ 35. Rgxg2 1-0

[Event "Challenge"]
[Site "http://www.queenalice.com/game.php?id=450257"]
[Date "2008.8.18"]
[Round "-"]
[White "piemme"]
[Black "vanhoute"]
[Result "0-1"]
[WhiteElo "1869"]
[BlackElo "1740"]

1. e4 c5 2. Nf3 Nc6 3. Bc4 e6 4. Ng5 Qxg5 5. O-O Nf6 6. d3 Qh5 7. Qe1 Be7 8. Nd2
Ne5 9. h3 O-O 10. b3 d5 11. exd5 exd5 12. Bb2 dxc4 13. Bxe5 cxd3 14. cxd3 Nd5
15. Nf3 Bf6 16. Rc1 Bxe5 17. Nxe5 Bxh3 18. Qe4 Nf6 19. Qxb7 Bxg2 20. Kxg2 Qxe5
21. Qc6 Qg5+ 22. Kh1 Ng4 23. Rxc5 Qh4+ 24. Kg2 Qh2+ 25. Kf3 Ne5+ 26. Rxe5 Qxe5
27. Qc4 Rac8 28. Qa6 Qh5+ 29. Ke3 Rfe8+ 30. Kd2 Qe2# 0-1

[Event "Challenge New"]
[Site "http://www.queenalice.com/game.php?id=453612"]
[Date "2008.8.25"]
[Round "-"]
[White "Luke1416"]
[Black "vanhoute"]
[Result "1-0"]
[WhiteElo "1613"]
[BlackElo "1784"]

1. e4 c5 2. d3 Nc6 3. Nf3 e6 4. a3 d5 5. exd5 Qxd5 6. c4 Qd7 7. Be2 Nf6 8. h3
Be7 9. Bg5 O-O 10. Bxf6 Bxf6 11. Nc3 Nd4 12. Rb1 Nxf3+ 13. Bxf3 Rb8 14. O-O b6
15. Ne4 Bd4 16. b4 Bb7 17. bxc5 Bxc5 18. Nxc5 Qe7 19. Nxb7 Rxb7 20. Bxb7 Qxb7
21. Re1 Rd8 22. Re3 Rd4 23. Qa4 Qd7 24. Qxd7 Rxd7 25. Rb5 1-0

[Event "Challenge"]
[Site "http://www.queenalice.com/game.php?id=470368"]
[Date "2008.9.29"]
[Round "-"]
[White "Luke1416"]
[Black "vanhoute"]
[Result "1-0"]
[WhiteElo "1609"]
[BlackElo "1816"]

1. e4 c5 2. c4 Nc6 3. Nf3 e6 4. d3 Nf6 5. Bg5 d6 6. Bxf6 Qxf6 7. Nc3 g6 8. h3
Be7 9. Be2 O-O 10. Qd2 Nd4 11. Nxd4 cxd4 12. Nd1 e5 13. O-O Qh4 14. f3 f5 15.
exf5 Rxf5 16. Nf2 Bg5 17. Qe1 Be7 18. g4 Rf4 19. a4 b6 20. Kg2 Bb7 21. Ne4 Qh6
22. Qd2 Bg5 23. Qb4 Bxe4 24. dxe4 Be7 25. a5 bxa5 26. Qb7 Qf8 27. Rxa5 Rf7 28.
Qd5 Kg7 29. Rfa1 Qb8 30. R1a2 Kf8 31. Qb5 Qxb5 32. Rxb5 Bd8 33. c5 dxc5 34. Rxc5
Bc7 35. b4 Re7 36. h4 Bd6 37. Rb5 Bc7 38. Rb7 Bb6 39. Rxe7 Kxe7 40. Kg3 a5 41.
bxa5 Bxa5 42. g5 Ra7 43. f4 exf4+ 44. Kxf4 1-0

[Event "Challenge"]
[Site "http://www.queenalice.com/game.php?id=479876"]
[Date "2008.10.19"]
[Round "-"]
[White "SalsaQueen"]
[Black "vanhoute"]
[Result "0-1"]
[WhiteElo "1692"]
[BlackElo "1804"]

1. d4 d5 2. Nc3 Nf6 3. h3 Bf5 4. Nf3 e6 5. a3 Bd6 6. e3 O-O 7. g4 Be4 8. g5 Nh5
9. Rg1 Bxf3 10. Qxf3 g6 11. Be2 Nd7 12. e4 dxe4 13. Nxe4 Nb6 14. Qe3 Nd5 15. Qb3
Bf4 16. Bxh5 Bxc1 17. Rxc1 gxh5 18. Nf6+ Nxf6 19. gxf6+ Kh8 20. Qf3 Qxd4 21. c3
Qe5+ 22. Qe2 Qxf6 23. Qxh5 Rg8 24. Rxg8+ Rxg8 25. Rc2 Rg5 26. Qh4 Re5+ 0-1